000
00292nam a22001097a 4500
999
_c
8092
_d
8093
008
190708b ||||| |||| 00| 0 eng d
245
_a
Annual Report 2017 ;
_b
The world bank.
260
_a
Washington, D.C. :
_b
World Bank,
_c
2017.
300
_a
80 p.
_c
28 cm.
650
_a
world bank
942
_2
ddc